Statystyki dla Państwa z największą liczbą turystów na osobę

Kliknij tutaj aby rozwiązać quiz!

Ogólne statystyki

  • Ten quiz został rozwiązany 4 251 razy
  • Średni wynik to 10 z 20

Statystyki odpowiedzi

Wskaź.KontynentKraj% Poprawnych
> 5000EuropaWatykan
84%
8,91EuropaMonako
75%
2,48EuropaSan Marino
73%
39,4EuropaAndora
71%
2,24EuropaLiechtenstein
69%
2,88EuropaGrecja
68%
4,03EuropaChorwacja
61%
5,90EuropaMalta
61%
6,91EuropaIslandia
51%
3,29AzjaCypr
49%
2,53AzjaSingapur
46%
3,44EuropaAustria
42%
4,18Ameryka Półn.Bahamy
41%
3,31EuropaCzarnogóra
35%
2,80AzjaMalediwy
35%
2,44EuropaEstonia
28%
3,70AfrykaSeszele
28%
6,44OceaniaPalau
26%
2,37Ameryka Półn.Barbados
25%
2,66AzjaBahrajn
24%

Rozkład punktacji

Percentyl według liczby udzielonych odpowiedzi

Procent ludzi z każdym wynikiem

Twoja historia wyników

Nie rozwiązałeś tego quizu